[Event "AUTO-BEG-296"]
[Site "http://www.queenalice.com/game.php?id=624342"]
[Date "2009.7.24"]
[Round "2"]
[White "jaquepc"]
[Black "Melzer"]
[Result "1-0"]
[WhiteElo "1521"]
[BlackElo "2080"]

1. e4 e5 2. Nf3 Nc6 3. d4 exd4 4. Nxd4 Nf6 5. Nxc6 bxc6 6. e5 Qe7 7. f4 d6 8.
Qe2 dxe5 9. fxe5 Ng4 10. Nd2 Nxe5 11. Nc4 Nxc4 12. Qxe7+ Bxe7 13. Bxc4 O-O 14.
Bd2 Bg4 15. O-O Bc5+ 16. Kh1 Rad8 17. Bc3 Be6 18. Bd3 Rfe8 19. Rae1 f6 20. a3
Bf7 21. h3 Bd5 22. Rxe8+ Rxe8 23. Re1 Re3 24. Rxe3 Bxe3 25. Kh2 1-0

[Event "AUTO-BEG-296"]
[Site "http://www.queenalice.com/game.php?id=624345"]
[Date "2009.7.24"]
[Round "2"]
[White "jaquepc"]
[Black "Erychess"]
[Result "1-0"]
[WhiteElo "1577"]
[BlackElo "1539"]

1. e4 e5 2. d4 d6 3. Nf3 Bg4 4. dxe5 Bxf3 5. Qxf3 dxe5 6. Bc4 Nf6 7. Bd2 Be7 8.
Nc3 Nc6 9. O-O-O Nd4 10. Qg3 g6 11. Kb1 Bd6 12. Bg5 Be7 13. f4 exf4 14. Bxf4 O-O
15. Bxc7 Qd7 16. Be5 Rad8 17. Bxd4 Qg4 18. Qxg4 Nxg4 19. h3 Nf6 20. Rhf1 Nh5 21.
g4 Ng7 22. Nd5 Bh4 23. Bf6 Bxf6 24. Nxf6+ Kh8 25. Rxd8 Rxd8 26. Bxf7 h5 27. Bxg6
h4 28. Nd5 Ne6 29. a3 Kg7 30. Bf5 1-0

[Event "AUTO-BEG-296"]
[Site "http://www.queenalice.com/game.php?id=624346"]
[Date "2009.7.24"]
[Round "2"]
[White "Erychess"]
[Black "jaquepc"]
[Result "0-1"]
[WhiteElo "1398"]
[BlackElo "1568"]

1. e4 d6 2. Nf3 g6 3. Bc4 Bg7 4. O-O Nf6 5. Ng5 O-O 6. Bxf7+ Rxf7 7. Nxf7 Kxf7
8. d3 Nc6 9. f4 Bg4 10. Qe1 Nd4 11. Qf2 Nd7 12. Nc3 Kg8 13. h3 Be6 14. g4 c5 15.
f5 Bf7 16. fxg6 Bxg6 17. Bg5 Ne6 18. Nd5 Nxg5 19. h4 Nh3+ 0-1

[Event "AUTO-INT-1368"]
[Site "http://www.queenalice.com/game.php?id=694955"]
[Date "2009.12.9"]
[Round "2"]
[White "jaquepc"]
[Black "andre2006"]
[Result "1-0"]
[WhiteElo "1600"]
[BlackElo "1808"]

1. e4 c5 2. Nf3 Nc6 3. d4 cxd4 4. Nxd4 Nxd4 5. Qxd4 d6 6. c4 e5 7. Qd3 Nf6 8.
Nc3 Be7 9. Be2 O-O 10. O-O b6 11. Bg5 Bb7 12. Bxf6 Bxf6 13. Rad1 Be7 14. Nb5 Ba6
15. Nxd6 Bxd6 16. Qxd6 Qxd6 17. Rxd6 Rac8 18. b3 f5 19. exf5 Rxf5 20. Bg4 Rf6
21. Rxf6 gxf6 22. Bxc8 Bxc8 23. Re1 Bb7 24. Rd1 e4 25. Rd7 Bc8 26. Rxa7 1-0

[Event "AUTO-INT-1368"]
[Site "http://www.queenalice.com/game.php?id=694958"]
[Date "2009.12.9"]
[Round "2"]
[White "JAmaro"]
[Black "jaquepc"]
[Result "0-1"]
[WhiteElo "1799"]
[BlackElo "1581"]

1. d4 d5 2. Nc3 Nf6 3. h3 e6 4. a3 c5 5. g3 Nc6 6. e3 Bd6 7. Bg2 O-O 8. g4 cxd4
9. exd4 Re8 10. g5 Nd7 11. Qh5 Nxd4 12. Qd1 Nf5 13. h4 Ne5 14. Qh5 Qb6 15. f4
Ng3 16. Qd1 Nxh1 17. Bxh1 Nc4 18. Nce2 Ne3 19. Bxe3 Qxe3 20. c3 Bxf4 21. a4 Bg3+
22. Kf1 Qf2# 0-1

[Event "AUTO-INT-1368"]
[Site "http://www.queenalice.com/game.php?id=694959"]
[Date "2009.12.9"]
[Round "2"]
[White "jaquepc"]
[Black "JAmaro"]
[Result "1-0"]
[WhiteElo "1606"]
[BlackElo "1653"]

1. e4 d5 2. exd5 Qxd5 3. Nc3 Qe6+ 4. Nge2 g6 5. d4 Nf6 6. Be3 Bg7 7. Qd2 a6 8.
O-O-O b5 9. a3 Nd5 10. Nxd5 Qxd5 11. Nc3 Qd6 12. Ne4 Qd5 13. Nc3 Qe6 14. Bd3 Bd7
15. Ne4 Qa2 16. Qc3 Nc6 17. Nc5 a5 18. Nxd7 Kxd7 19. Be4 Ra6 20. Kd2 b4 21. axb4
axb4 22. Bxc6+ Rxc6 23. Qxb4 Ra8 24. Qb5 1-0

[Event "AUTO-INT-1368"]
[Site "http://www.queenalice.com/game.php?id=694962"]
[Date "2009.12.9"]
[Round "2"]
[White "jaquepc"]
[Black "francksc"]
[Result "1-0"]
[WhiteElo "1571"]
[BlackElo "1554"]

1. e4 e5 2. Nf3 d6 3. d4 f6 4. Bc4 Ne7 5. Nc3 Bg4 6. dxe5 Bxf3 7. Qxf3 dxe5 8.
Bd2 Nec6 9. O-O-O Bd6 10. Qg3 Bb4 11. Qxg7 Rf8 12. Bh6 Nd7 13. Qxh7 Qe7 14. Qg6+
Rf7 15. Bxf7+ Qxf7 16. Qxf7+ Kxf7 17. Rxd7+ Kg6 18. Be3 Bxc3 19. bxc3 b6 20. h4
Rc8 21. h5# 1-0

[Event "AUTO-INT-1368"]
[Site "http://www.queenalice.com/game.php?id=694963"]
[Date "2009.12.9"]
[Round "2"]
[White "francksc"]
[Black "jaquepc"]
[Result "0-1"]
[WhiteElo "1539"]
[BlackElo "1586"]

1. e4 c5 2. c4 g6 3. d3 Bg7 4. Na3 Nc6 5. f4 d6 6. Nf3 f5 7. Bd2 e5 8. Qa4 Bd7
9. Qd1 a6 10. Be2 Nh6 11. O-O O-O 12. Bc3 Nd4 13. Bxd4 exd4 14. exf5 Nxf5 15.
Ng5 Ne3 16. Qe1 Nxf1 17. Bxf1 Rxf4 18. Qg3 Rg4 19. Qf3 Qxg5 20. Re1 Bc6 21. Qe2
Re8 22. Qf2 Rxe1 23. g3 Re3 24. Be2 Rgxg3+ 25. hxg3 Rxg3+ 26. Kf1 Qc1+ 27. Qe1
Rg1+ 28. Kxg1 Qxe1+ 29. Bf1 Qg3+ 30. Bg2 Qxg2# 0-1

[Event "AUTO-OPEN-1458"]
[Site "http://www.queenalice.com/game.php?id=706713"]
[Date "2010.1.1"]
[Round "2"]
[White "jaquepc"]
[Black "shimon"]
[Result "0-1"]
[WhiteElo "1620"]
[BlackElo "1517"]

1. e4 e5 2. Nf3 d6 3. d4 Qe7 4. Bc4 Nc6 5. Nc3 exd4 6. Nxd4 Nxd4 7. Qxd4 Nf6 8.
Be3 c5 9. Qd2 Nxe4 10. Nxe4 Qxe4 11. Bb5+ Bd7 12. Bxd7+ Kxd7 13. O-O-O b6 14.
Bf4 Qg6 15. Rhe1 Rd8 16. Qd5 Be7 0-1

[Event "AUTO-OPEN-1458"]
[Site "http://www.queenalice.com/game.php?id=706714"]
[Date "2010.1.1"]
[Round "2"]
[White "shimon"]
[Black "jaquepc"]
[Result "1-0"]
[WhiteElo "1537"]
[BlackElo "1600"]

1. e4 d6 2. d4 Nf6 3. Bd3 c5 4. d5 g6 5. Nc3 Bg7 6. Qf3 O-O 7. Nh3 Nbd7 8. Bg5
Ne5 9. Qe2 h6 10. Bf4 e6 11. O-O Nh5 12. Qe3 Kh7 13. Be2 exd5 14. Nxd5 Nxf4 15.
Nhxf4 1-0

[Event "AUTO-OPEN-1458"]
[Site "http://www.queenalice.com/game.php?id=706715"]
[Date "2010.1.1"]
[Round "2"]
[White "jaquepc"]
[Black "HelderNanques"]
[Result "0-1"]
[WhiteElo "1624"]
[BlackElo "2063"]

1. e4 e5 2. Nf3 Nc6 3. d4 d6 4. Nc3 Nf6 5. Bc4 Bg4 6. Be3 exd4 7. Bxd4 Nxd4 8.
Qxd4 Be7 9. O-O-O O-O 10. h3 Be6 11. Bd3 Nd7 12. Kb1 f6 13. Qe3 Ne5 14. Nd4 Bf7
15. f4 Nxd3 16. Qxd3 Qd7 17. g4 a6 18. Nf5 b5 19. Nxe7+ Qxe7 20. Nd5 Bxd5 21.
exd5 Rfe8 22. Rhe1 Qxe1 0-1

[Event "AUTO-OPEN-1458"]
[Site "http://www.queenalice.com/game.php?id=706716"]
[Date "2010.1.1"]
[Round "2"]
[White "HelderNanques"]
[Black "jaquepc"]
[Result "1-0"]
[WhiteElo "2137"]
[BlackElo "1622"]

1. Nf3 Nf6 2. g3 d5 3. e3 c5 4. d4 Bf5 5. Bg2 e6 6. O-O Nc6 7. c3 Bd6 8. Nbd2
O-O 9. Ne1 Rc8 10. dxc5 Bxc5 11. Nb3 Bd6 12. Bd2 e5 13. f4 e4 14. Nd4 Nxd4 15.
cxd4 Qd7 16. Rc1 Bh3 17. Rf2 Bxg2 18. Kxg2 Rc6 19. h3 Rfc8 20. Rxc6 bxc6 21. g4
c5 22. Bc3 Qb7 23. Nc2 Nd7 24. h4 cxd4 25. Nxd4 Nc5 26. Nf5 Bf8 27. h5 Qd7 28.
h6 g6 29. Qd4 1-0

[Event "AUTO-OPEN-2370"]
[Site "http://www.queenalice.com/game.php?id=942085"]
[Date "2011.5.24"]
[Round "1"]
[White "robertson"]
[Black "jaquepc"]
[Result "1-0"]
[WhiteElo "1611"]
[BlackElo "1583"]

1. e4 c5 2. Bc4 Nc6 3. Qh5 e6 4. Nh3 Nf6 5. Qf3 d5 6. exd5 exd5 7. Be2 Nd4 8.
Qc3 Qe7 9. Ng1 Ne4 10. Qd3 Bf5 11. c3 Nd6 12. Qg3 Nc2+ 13. Kf1 Nxa1 14. Na3 Nc2
15. Nxc2 Bxc2 16. Bf3 Be4 17. Be2 g6 18. d3 Bf5 19. Bf4 Rd8 20. Nf3 Bg7 21. h3
O-O 22. Nd2 Rfe8 23. Be3 1-0

[Event "AUTO-OPEN-2370"]
[Site "http://www.queenalice.com/game.php?id=942086"]
[Date "2011.5.24"]
[Round "1"]
[White "jaquepc"]
[Black "robertson"]
[Result "0-1"]
[WhiteElo "1601"]
[BlackElo "1599"]

1. e4 e5 2. Nf3 f6 3. Bc4 Ne7 4. d4 Ng6 5. dxe5 h6 6. O-O c6 7. exf6 Qxf6 8. e5
Nxe5 9. Nxe5 g5 10. Qh5+ Ke7 11. Re1 Qf5 12. Bd3 Qxe5 13. Rxe5+ Kd8 14. Bxg5+
Kc7 15. Re8 b5 16. Bd8+ Kb7 17. c4 Bg7 18. Nc3 Rxe8 19. Qxe8 a6 20. Ne4 Ka7 0-1

[Event "AUTO-OPEN-2370"]
[Site "http://www.queenalice.com/game.php?id=942106"]
[Date "2011.5.24"]
[Round "1"]
[White "jaquepc"]
[Black "PedoneA0"]
[Result "0-1"]
[WhiteElo "1585"]
[BlackElo "1985"]

1. e4 d6 2. d4 Nf6 3. Nc3 g6 4. Be3 Bg7 5. Qd2 O-O 6. f3 Nc6 7. O-O-O a6 8. Bh6
b5 9. h4 Bxh6 10. Qxh6 Nh5 0-1

[Event "AUTO-OPEN-2370"]
[Site "http://www.queenalice.com/game.php?id=942117"]
[Date "2011.5.24"]
[Round "1"]
[White "jaquepc"]
[Black "maurice91"]
[Result "0-1"]
[WhiteElo "1611"]
[BlackElo "1757"]

1. e4 c6 2. d4 d5 3. Nc3 dxe4 4. Nxe4 Bf5 5. Ng3 Bg6 6. f4 h6 7. Nf3 e6 8. Bd3
Bxd3 9. Qxd3 Bd6 10. O-O Nf6 11. Ne5 Nbd7 12. Bd2 Bxe5 13. fxe5 Nd5 14. Nh5 Qe7
0-1

[Event "AUTO-OPEN-2370"]
[Site "http://www.queenalice.com/game.php?id=942118"]
[Date "2011.5.24"]
[Round "1"]
[White "maurice91"]
[Black "jaquepc"]
[Result "1-0"]
[WhiteElo "1746"]
[BlackElo "1622"]

1. d4 Nf6 2. c4 g6 3. Nc3 d5 4. Nf3 Bg7 5. cxd5 Nxd5 6. e4 Nxc3 7. bxc3 c5 8.
Be3 O-O 9. Rb1 Nc6 10. Be2 Bg4 11. d5 1-0